Kým príde váš deň -- : (životospráva tehotných) /

Hlavní autor: Kliment, Vojtech, 1918-2005
Jazyk: Slovenština
Vydáno: Bratislava : Ústav zdravotnej výchovy, 1968
Témata:
Fyzický popis: 1 slož. list
Knihy
Uloženo v:
LEADER 01083nam a22002892a 4500
001 000340003
003 CZ BrMZK
005 20190825165157.0
007 ta
008 980107s1968 xo f slo d
040 |a ABA001  |b cze  |c ABA001  |d ABA001  |d BOA001 
072 7 |a 613  |x Hygiena. Lidské zdraví  |2 Konspekt  |9 14 
080 |a 316.346.2-055.26  |2 MRF 
080 |a 613  |2 MRF 
080 |a (036)  |2 MRF 
100 1 |a Kliment, Vojtech,  |d 1918-2005  |7 nlk20000089393  |4 aut 
245 1 0 |a Kým príde váš deň -- :  |b (životospráva tehotných) /  |c Vojtech Kliment 
260 |a Bratislava :  |b Ústav zdravotnej výchovy,  |c 1968 
300 |a 1 slož. list 
650 0 7 |a těhotné ženy  |7 ph254492  |2 czenas 
650 0 7 |a životospráva  |7 ph128035  |2 czenas 
655 7 |a informační publikace  |7 fd132454  |2 czenas 
910 |a BOA001  |b PK-0052.468  |b X-0613.599 
990 |a BK 
991 |b 200508 
996 7 |b 2618923704  |c X-0613.599  |l MZK  |r Sklad / do 24 hodin  |n 0  |w 000340003  |u 000020  |a 1  |e BOA001  |j MZK50  |s A 
996 7 |b 3119803857  |c PK-0052.468  |l MZK  |r Sklad / do 1 hodiny  |n 1  |w 000340003  |u 000010  |a 1  |e BOA001  |j MZK50  |s A